UBT Library

Kush e Prish Paqen në Ballkan (Record no. 60944)

000 -LEADER
fixed length control field 00282nam a22001217a 4500
008 - FIXED-LENGTH DATA ELEMENTS--GENERAL INFORMATION
fixed length control field 260327b ||||| |||| 00| 0 eng d
041 ## - LANGUAGE CODE
Language code of text/sound track or separate title Shqip
080 ## - UNIVERSAL DECIMAL CLASSIFICATION NUMBER
Universal Decimal Classification number 181.1
100 ## - Rafti
Rafti 25
101 ## - Shkurtesa
Shkurtesa Ngjarje
245 ## - TITLE STATEMENT
Title Kush e Prish Paqen në Ballkan
Statement of responsibility, etc Sami Frashëri
942 ## - ADDED ENTRY ELEMENTS (KOHA)
Source of classification or shelving scheme
Item type Books
Holdings
Withdrawn status Lost status Source of classification or shelving scheme Damaged status Not for loan Collection code Permanent location Current location Date acquired Total Checkouts Barcode Date last seen Price effective from Koha item type
          Koleksioni i përgjithshem UBT - Lipjan UBT - Lipjan 03/27/2026   003-800070999490 03/27/2026 03/27/2026 Books
          Koleksioni i përgjithshem UBT - Lipjan UBT - Lipjan 03/27/2026   003-800070999491 03/27/2026 03/27/2026 Books
          Koleksioni i përgjithshem UBT - Lipjan UBT - Lipjan 03/27/2026   003-800070999492 03/27/2026 03/27/2026 Books
UBT Library © 2015-2024. All rights reserved University Education for Business and Technology